Proceedings of the international conference on e-Learning 2015 11-12 September 2015, University of applied sciences Berlin, Germany /

Gespeichert in:
Bibliographische Detailangaben
Körperschaft: e-Learning 2015 Berlín, Nemecká spolková republika (Verfasst von, International conference on e-learning)
Weitere Verfasser: Bodrow, W. (Herausgegeben von), Smrikarov, Angel (Herausgegeben von), Vassilev, Tzvetomir (Herausgegeben von), Smrikarova, S. (Herausgegeben von), Aliev, Yksel (Herausgegeben von)
Format: Tagungsbericht Buch
Sprache:Englisch
Veröffentlicht: [S. l.] ETN FETCH 2015
Ausgabe:1. vyd.
Schlagworte:
Tags: Tag hinzufügen
Keine Tags, Fügen Sie das erste Tag hinzu!

MARC

LEADER 00000nam a22000003a 4500
001 0008064
003 SK-STU
005 20170717122009.1
007 ta
008 151015s ----xo-----e------100-0-----d
022 |a 2367-6698 
040 |a STU  |b slo 
041 0 |a eng 
044 |a gw 
111 2 |a e-Learning 2015  |d 11. - 12. 9. 2015  |c Berlín, Nemecká spolková republika  |e International conference on e-learning  |4 aut 
245 1 0 |a Proceedings of the international conference on e-Learning 2015  |b 11-12 September 2015, University of applied sciences Berlin, Germany /  |c ed. W Bodrow, Angel Smrikarov, Tzvetomir Vassilev, S Smrikarova, Yksel Aliev 
250 |a 1. vyd. 
260 |a [S. l.]  |b ETN FETCH  |c 2015 
300 |a 298 s. 
650 4 |a e-learning 
700 1 |a Bodrow, W.  |r Z6  |4 edt 
700 1 |a Smrikarov, Angel  |r Z6  |4 edt 
700 1 |a Vassilev, Tzvetomir  |r Z6  |4 edt 
700 1 |a Smrikarova, S.  |r Z6  |4 edt 
700 1 |a Aliev, Yksel  |4 edt  |r Z6 
996 |b 284IQ00061  |c I*Z10787  |l I  |s A  |a 24  |w 0008064_0001